[Event "Leamington Spa 4NCL op-B 28th"]
[Site "Leamington Spa"]
[Date "2022.07.10"]
[Round "4"]
[White "Boughen, Andrew"]
[Black "Thynne, Trefor F"]
[Result "0-1"]
[WhiteElo "1799"]
[BlackElo "1897"]
[PlyCount "62"]
[EventDate "2022.07.08"]
[EventType "swiss"]
[EventRounds "5"]
[EventCountry "ENG"]
[SourceTitle "CBM 209 Extra"]
[Source "ChessBase"]
[SourceDate "2022.09.30"]
[SourceVersion "1"]
[SourceVersionDate "2022.09.30"]
[SourceQuality "1"]

1. d4 d5 2. c4 c6 3. Nf3 Nf6 4. Nc3 dxc4 5. a4 Bf5 6. e3 e6 7. Bxc4 Bb4 8. 0-0 0-0 9. h3 Nbd7 10. Nh4 Qe7 11. Nxf5 exf5 12. Qc2 g6 13. b3 Rac8 14. Bb2 Rfe8 15. Rac1 Nb6 16. Rfd1 Nbd5 17. Qd3 a6 18. Bxd5 cxd5 19. Rc2 Qd7 20. Rdc1 Bd6 21. Nb1 f4 22. Rxc8 Rxc8 23. Rxc8+ Qxc8 24. Qc3 Qf5 25. Nd2 fxe3 26. fxe3 Bg3 27. Nf3 Qb1+ 28. Bc1 Ne4 29. Qc8+ Kg7 30. Ne5 Qa2 31. Nd3 Qe2 0-1

[Event "Leamington Spa 4NCL op-B 28th"]
[Site "Leamington Spa"]
[Date "2022.07.09"]
[Round "3"]
[White "McLachlan, Matthew"]
[Black "Thynne, Trefor F"]
[Result "1/2-1/2"]
[WhiteElo "1795"]
[BlackElo "1897"]
[PlyCount "33"]
[EventDate "2022.07.08"]
[EventType "swiss"]
[EventRounds "5"]
[EventCountry "ENG"]
[SourceTitle "CBM 209 Extra"]
[Source "ChessBase"]
[SourceDate "2022.09.30"]
[SourceVersion "1"]
[SourceVersionDate "2022.09.30"]
[SourceQuality "1"]

1. d4 d5 2. Nf3 Nf6 3. Bf4 c5 4. c3 Nc6 5. e3 Qb6 6. Qc2 Bg4 7. Nbd2 Rc8 8. dxc5 Qxc5 9. Nb3 Qb6 10. Be2 e6 11. Nfd4 Bxe2 12. Qxe2 Be7 13. 0-0 0-0 14. Nc1 Rfe8 15. Nd3 Bf8 16. Nxc6 bxc6 17. Ne5 1/2-1/2

[Event "Torquay Rowena Challengers"]
[Site "Torquay"]
[Date "2019.09.06"]
[Round "6"]
[White "Thynne, Trefor F"]
[Black "O Gorman, Brendan"]
[Result "1/2-1/2"]
[WhiteElo "1913"]
[BlackElo "1718"]
[PlyCount "45"]
[EventDate "2019.09.01"]
[EventType "swiss"]
[EventRounds "7"]
[EventCountry "ENG"]
[SourceTitle "CBM 192 Extra"]
[Source "Chessbase"]
[SourceDate "2019.11.06"]
[SourceVersion "1"]
[SourceVersionDate "2019.11.06"]
[SourceQuality "1"]

1. d4 d5 2. Bf4 c5 3. c3 Nc6 4. e3 cxd4 5. exd4 Bf5 6. Nf3 Qb6 7. Qb3 Qxb3 8. axb3 Nf6 9. Bb5 Bd7 10. 0-0 e6 11. Nbd2 Be7 12. Bd3 0-0 13. b4 a6 14. h3 Na7 15. Rfe1 Bb5 16. Ne5 Bxd3 17. Nxd3 Nb5 18. Nb3 Nd7 19. Ra2 Rac8 20. Rea1 h6 21. Ndc5 Nxc5 22. bxc5 Bd8 23. h4 1/2-1/2

[Event "GBR-ch 65+ 106th"]
[Site "Torquay"]
[Date "2019.08.03"]
[Round "6.14"]
[White "Anderton, David William"]
[Black "Thynne, Trefor F"]
[Result "1/2-1/2"]
[WhiteElo "2088"]
[BlackElo "1913"]
[PlyCount "40"]
[EventDate "2019.07.29"]
[EventType "swiss"]
[EventRounds "7"]
[EventCountry "ENG"]
[SourceTitle "EXT 2021"]
[Source "ChessBase"]
[SourceDate "2020.10.23"]
[SourceVersion "1"]
[SourceVersionDate "2020.10.23"]
[SourceQuality "1"]

1. d4 d5 2. c4 c6 3. Nc3 Nf6 4. e3 e6 5. Nf3 Nbd7 6. Bd3 Bd6 7. 0-0 0-0 8. e4 dxe4 9. Nxe4 Be7 10. Nc3 b6 11. Qe2 Bb7 12. Rd1 Re8 13. Bg5 Qc7 14. Ne5 Rad8 15. Bf4 Bd6 16. g4 g6 17. h4 a6 18. Nxd7 Nxd7 19. Bxd6 Qxd6 20. c5 bxc5 1/2-1/2

[Event "GBR-ch 65+ 106th"]
[Site "Torquay"]
[Date "2019.08.01"]
[Round "4.12"]
[White "Thynne, Trefor F"]
[Black "Shephard, Chris CW"]
[Result "0-1"]
[WhiteElo "1913"]
[BlackElo "2214"]
[PlyCount "108"]
[EventDate "2019.07.29"]
[EventType "swiss"]
[EventRounds "7"]
[EventCountry "ENG"]
[SourceTitle "EXT 2021"]
[Source "ChessBase"]
[SourceDate "2020.10.23"]
[SourceVersion "1"]
[SourceVersionDate "2020.10.23"]
[SourceQuality "1"]

1. d4 d6 2. Bf4 Nd7 3. Nf3 g6 4. e3 Bg7 5. h3 e5 6. Bh2 Qe7 7. Be2 Nh6 8. c4 f5 9. Nc3 c6 10. 0-0 0-0 11. dxe5 dxe5 12. Re1 Nf7 13. Rb1 Rd8 14. Qc2 Nf8 15. Rbd1 Bd7 16. a3 Ne6 17. b4 a5 18. Qb3 axb4 19. axb4 Be8 20. c5 Rxd1 21. Rxd1 Nc7 22. Nd2 Bd7 23. Bc4 Be6 24. Na4 Rd8 25. Kf1 Nd5 26. Ke2 Qg5 27. Kf1 e4 28. Bf4 Nxf4 29. exf4 Bxc4+ 30. Nxc4 Rxd1+ 31. Qxd1 Qxf4 32. Nd6 Be5 33. Nxf7 Kxf7 34. Qd7+ Kf6 35. Qd8+ Kg7 36. Qe7+ Kh6 37. g3 Qc1+ 38. Kg2 Bxg3 39. fxg3 Qc2+ 40. Kg1 Qd1+ 41. Kf2 Qf3+ 42. Ke1 Qxg3+ 43. Ke2 Qd3+ 44. Kf2 Qf3+ 45. Ke1 Qxh3 46. Qxb7 Qe3+ 47. Kf1 Qc1+ 48. Ke2 Qc2+ 49. Ke3 Qxa4 50. b5 Qa3+ 51. Ke2 Qd3+ 52. Kf2 e3+ 53. Kg2 Qe4+ 54. Kg1 e2 0-1

[Event "WchT Seniors 65"]
[Site "Dresden"]
[Date "2018.07.10"]
[Round "4.3"]
[White "Thynne, Trefor F"]
[Black "Bevan, Peter M"]
[Result "1-0"]
[WhiteElo "1911"]
[BlackElo "1883"]
[PlyCount "77"]
[EventDate "2018.07.07"]
[EventType "team-swiss"]
[EventRounds "9"]
[EventCountry "GER"]
[SourceTitle "EXT 2021"]
[Source "ChessBase"]
[SourceDate "2020.10.23"]
[SourceVersion "1"]
[SourceVersionDate "2020.10.23"]
[SourceQuality "1"]
[WhiteTeam "England III"]
[BlackTeam "Wales Deheubarth"]
[WhiteTeamCountry "ENG"]
[BlackTeamCountry "WLS"]

1. d4 d6 2. Nf3 c6 3. c4 Nf6 4. g3 Nbd7 5. Nc3 e5 6. e4 Be7 7. Bg2 0-0 8. 0-0 a6 9. a4 b6 10. Re1 Re8 11. b3 Qc7 12. Bb2 Bf8 13. h3 Bb7 14. d5 c5 15. Qc2 g6 16. Re2 Nh5 17. Rf1 Be7 18. Bc1 Rf8 19. Bh6 Ng7 20. Nh2 f5 21. Qd2 Rf7 22. f4 exf4 23. gxf4 fxe4 24. Bxe4 Bf6 25. Ng4 Bd4+ 26. Kh2 Nf6 27. Bg5 Nxg4+ 28. hxg4 Raf8 29. Bf3 Bc8 30. Kg2 Qd7 31. Rh1 h5 32. gxh5 Nxh5 33. Re6 Bf6 34. Qc2 Bxg5 35. Qxg6+ Rg7 36. Qxh5 Bf6+ 37. Kf1 Bxc3 38. Qh8+ Kf7 39. Bh5+ 1-0

[Event "GBR-ch U2050 op 104th"]
[Site "Llandudno"]
[Date "2017.08.04"]
[Round "5"]
[White "McLaren, Charlie"]
[Black "Thynne, Trefor F"]
[Result "0-1"]
[WhiteElo "1795"]
[BlackElo "1927"]
[PlyCount "94"]
[EventDate "2017.07.31"]
[EventType "swiss"]
[EventRounds "5"]
[EventCountry "WLS"]
[SourceTitle "EXT 2019"]
[Source "ChessBase"]
[SourceDate "2018.10.10"]
[SourceVersion "1"]
[SourceVersionDate "2018.10.10"]
[SourceQuality "1"]

1. d4 d5 2. c4 c6 3. Nc3 Nf6 4. Nf3 dxc4 5. e3 b5 6. Ne5 Bb7 7. a4 a6 8. b3 cxb3 9. Qxb3 e6 10. Be2 Be7 11. Bf3 b4 12. a5 Qc7 13. Ne4 Nxe4 14. Bxe4 0-0 15. Bd2 c5 16. Qc2 Bxe4 17. Qxe4 Nd7 18. Nxd7 Qxd7 19. dxc5 Bxc5 20. Bxb4 Bxb4+ 21. Qxb4 Rfb8 22. Qe4 Qb5 23. f3 Rd8 24. Kf2 Rd2+ 25. Kg3 Qg5+ 26. Qg4 Qxe3 27. Rhe1 Qf2+ 28. Kh3 Rad8 29. Rac1 g6 30. Re5 Qd4 31. Qxd4 R8xd4 32. Rc6 Rd6 33. Rec5 Kf8 34. Rxd6 Rxd6 35. Kg3 Ke7 36. Kf4 Kd7 37. g4 Rd5 38. Rxd5+ exd5 39. Ke5 Kc6 40. Kd4 g5 41. Ke5 Kc5 42. f4 gxf4 43. Kxf4 Kd4 44. h4 Kc3 45. g5 d4 46. h5 d3 47. g6 fxg6 0-1

[Event "Ayr op"]
[Site "Ayr"]
[Date "2017.05.27"]
[Round "2"]
[White "Kane, Robert"]
[Black "Thynne, Trefor F"]
[Result "1/2-1/2"]
[WhiteElo "1876"]
[BlackElo "1975"]
[PlyCount "64"]
[EventDate "2017.05.26"]
[EventType "swiss"]
[EventRounds "5"]
[EventCountry "SCO"]
[SourceTitle "CBM 178 Extra"]
[Source "ChessBase"]
[SourceDate "2017.06.22"]
[SourceVersion "1"]
[SourceVersionDate "2017.06.22"]
[SourceQuality "1"]

1. d4 d5 2. Nf3 Nf6 3. Bf4 c5 4. c3 Nc6 5. e3 Qb6 6. Qc1 Bf5 7. dxc5 Qxc5 8. Nbd2 h6 9. Nb3 Qb6 10. Nbd4 Bh7 11. Ne5 a6 12. Be2 e6 13. Nexc6 bxc6 14. 0-0 Be7 15. Bd1 0-0 16. Bc2 Rfe8 17. Bxh7+ Kxh7 18. Qc2+ g6 19. Qb3 Qxb3 20. axb3 Rec8 21. b4 Nd7 22. Nb3 c5 23. bxc5 Nxc5 24. Nxc5 Rxc5 25. Be5 f6 26. Bg3 g5 27. h4 Kg6 28. Ra4 gxh4 29. Bxh4 Bd6 30. e4 dxe4 31. Rxe4 Re5 32. Rxe5 Bxe5 1/2-1/2

[Event "WchT Seniors 65"]
[Site "Radebeul"]
[Date "2016.06.29"]
[Round "4.3"]
[White "Nyberg, Bo"]
[Black "Thynne, Trefor F"]
[Result "1-0"]
[WhiteElo "1899"]
[BlackElo "1988"]
[PlyCount "107"]
[EventDate "2016.06.26"]
[EventType "team-swiss"]
[EventRounds "9"]
[EventCountry "GER"]
[SourceTitle "CBM 173 Extra"]
[Source "ChessBase"]
[SourceDate "2016.08.29"]
[SourceVersion "1"]
[SourceVersionDate "2016.08.29"]
[SourceQuality "1"]
[WhiteTeam "Sweden III"]
[BlackTeam "England II"]
[WhiteTeamCountry "SWE"]
[BlackTeamCountry "ENG"]

1. d4 Nf6 2. Bf4 d5 3. e3 c5 4. c3 Nc6 5. Nf3 Qb6 6. Qb3 c4 7. Qxb6 axb6 8. Na3 Bf5 9. Nh4 e6 10. Nxf5 exf5 11. Nc2 Kd7 12. Be2 Be7 13. Bg5 Ra5 14. Bxf6 Bxf6 15. 0-0 Rha8 16. a3 Be7 17. f3 Re8 18. e4 Bd6 19. e5 f4 20. Bxc4 dxc4 21. exd6 Kxd6 22. Rae1 Raa8 23. Re4 Rxe4 24. fxe4 g5 25. g3 Rg8 26. Kh1 fxg3 27. Rxf7 gxh2 28. Kxh2 Nd8 29. Rxh7 Kc6 30. Kg3 Kb5 31. Ne3 Rg6 32. d5 Kc5 33. Rc7+ Kb5 34. Nxc4 Ka4 35. Rd7 Rg8 36. Nd6 Kb3 37. Nxb7 Nxb7 38. Rxb7 Kxb2 39. Rxb6+ Kxc3 40. Kg4 Kd4 41. Re6 Rg7 42. a4 Kc5 43. a5 Kb5 44. a6 Ka5 45. a7 Rxa7 46. Kxg5 Kb5 47. Rc6 Ra1 48. Kf6 Rf1+ 49. Ke6 Re1 50. e5 Rh1 51. Rc2 Rh6+ 52. Kd7 Rh7+ 53. Kd6 Rg7 54. e6 1-0

[Event "BCF-ch U180"]
[Site "Aberystwyth"]
[Date "2014.07.24"]
[Round "4"]
[White "Faldon, David J"]
[Black "Thynne, Trefor F"]
[Result "1/2-1/2"]
[WhiteElo "173"]
[BlackElo "166"]
[PlyCount "97"]
[EventDate "2014.07.21"]
[EventType "swiss"]
[EventRounds "5"]
[EventCountry "WLS"]
[SourceTitle "EXT 2017"]
[Source "ChessBase"]
[SourceDate "2016.10.25"]
[SourceVersion "1"]
[SourceVersionDate "2016.10.25"]
[SourceQuality "1"]

1. d4 d5 2. Bf4 Nf6 3. Nc3 c6 4. e3 Bf5 5. Bd3 e6 6. Nf3 Be7 7. 0-0 0-0 8. Re1 Nbd7 9. e4 dxe4 10. Nxe4 Nxe4 11. Bxe4 Bxe4 12. Rxe4 Nf6 13. Re1 Re8 14. h3 Qb6 15. Rb1 Rad8 16. c3 a6 17. Qc2 Qb5 18. a4 Qf5 19. Qxf5 exf5 20. Ne5 Nd5 21. Bd2 Bd6 22. Nd3 h6 23. Kf1 Nf6 24. Rxe8+ Rxe8 25. Bf4 Bxf4 26. Nxf4 Ne4 27. Rd1 g5 28. Nh5 Re6 29. f3 Nd6 30. Ng3 f4 31. Ne2 Nc4 32. Ra1 Ne3+ 33. Kf2 Nxg2 34. Rg1 Nh4 35. c4 Re3 36. Rd1 Rxf3+ 37. Kg1 Re3 38. Nc3 Nf5 39. d5 cxd5 40. cxd5 Nd6 41. Kg2 Kf8 42. Rd4 Ke7 43. Rb4 Kd7 44. a5 Rg3+ 45. Kh2 Rd3 46. Rb6 Rd2+ 47. Kg1 h5 48. Rxd6+ Kxd6 49. Ne4+ 1/2-1/2

[Event "BCF-ch U180"]
[Site "Aberystwyth"]
[Date "2014.07.21"]
[Round "1"]
[White "Thynne, Trefor F"]
[Black "Riding, Mick D"]
[Result "1/2-1/2"]
[WhiteElo "166"]
[BlackElo "178"]
[PlyCount "47"]
[EventDate "2014.07.21"]
[EventType "swiss"]
[EventRounds "5"]
[EventCountry "WLS"]
[SourceTitle "EXT 2017"]
[Source "ChessBase"]
[SourceDate "2016.10.25"]
[SourceVersion "1"]
[SourceVersionDate "2016.10.25"]
[SourceQuality "1"]

1. d4 g6 2. c4 Bg7 3. Nf3 Nf6 4. g3 0-0 5. Bg2 d6 6. 0-0 Nbd7 7. Nc3 c6 8. e4 e5 9. b3 exd4 10. Nxd4 Nc5 11. Bb2 Re8 12. Re1 Qb6 13. Qd2 Ng4 14. Rad1 a5 15. Nc2 f5 16. Ba1 Be6 17. h3 Ne5 18. Nd4 Ncd3 19. Na4 Qa7 20. Re2 f4 21. gxf4 Bh6 22. Nxe6 Rxe6 23. Bxe5 Nxe5 24. Qe3 1/2-1/2

[Event "Brighton e2e4 Major"]
[Site "Brighton"]
[Date "2013.02.20"]
[Round "9"]
[White "Selby, Paul"]
[Black "Thynne, Trefor F"]
[Result "1/2-1/2"]
[WhiteElo "1766"]
[BlackElo "1974"]
[PlyCount "49"]
[EventDate "2013.02.16"]
[EventType "swiss"]
[EventRounds "9"]
[EventCountry "ENG"]
[SourceTitle "EXT 2014"]
[Source "ChessBase"]
[SourceDate "2013.11.20"]
[SourceVersion "1"]
[SourceVersionDate "2013.11.20"]
[SourceQuality "1"]

1. d4 Nf6 2. c4 g6 3. g3 Bg7 4. Nf3 d6 5. Nc3 0-0 6. Bg2 Nbd7 7. 0-0 e5 8. dxe5 dxe5 9. e4 c6 10. Qc2 Qc7 11. b3 Re8 12. Ba3 a5 13. Rfd1 Bf8 14. Bxf8 Kxf8 15. Na4 b6 16. Rd2 Bb7 17. Rad1 Re7 18. Nc3 Kg7 19. Qb2 Rae8 20. Qa3 Nc5 21. Nh4 h6 22. Qb2 Kh7 23. Qc2 Kg7 24. Qb2 Kh7 25. Qc2 1/2-1/2

[Event "Brighton e2e4 Major"]
[Site "Brighton"]
[Date "2013.02.20"]
[Round "8"]
[White "Thynne, Trefor F"]
[Black "O'Gorman, Brendan"]
[Result "0-1"]
[WhiteElo "1974"]
[BlackElo "1785"]
[PlyCount "66"]
[EventDate "2013.02.16"]
[EventType "swiss"]
[EventRounds "9"]
[EventCountry "ENG"]
[SourceTitle "EXT 2014"]
[Source "ChessBase"]
[SourceDate "2013.11.20"]
[SourceVersion "1"]
[SourceVersionDate "2013.11.20"]
[SourceQuality "1"]

1. d4 d5 2. Bf4 Nf6 3. Nf3 c5 4. c3 Qb6 5. Qb3 c4 6. Qxb6 axb6 7. e3 Nc6 8. Na3 Bf5 9. Nb5 Ra5 10. Nc7+ Kd7 11. Ne5+ Nxe5 12. dxe5 Nh5 13. Nxd5 Rxd5 14. Bxc4 Nxf4 15. exf4 Rc5 16. Bxf7 e6 17. Rd1+ Kc7 18. Be8 g5 19. b4 Rxc3 20. 0-0 Bxb4 21. Bb5 gxf4 22. Rd4 Bc5 23. Rxf4 Rg8 24. Rd1 Rc2 25. a4 Rg4 26. Rxg4 Bxg4 27. Rf1 Be2 28. Bxe2 Rxe2 29. g3 Rxe5 30. Kg2 Re4 31. f4 Rxa4 32. f5 Ra2+ 33. Kh3 Rf2 0-1

[Event "West of England op"]
[Site "Exmouth"]
[Date "2009.04.12"]
[Round "5"]
[White "Thynne, Trefor F"]
[Black "Krzyzanowski, Patryk"]
[Result "0-1"]
[WhiteElo "1904"]
[BlackElo "2024"]
[PlyCount "118"]
[EventDate "2009.04.10"]
[EventType "swiss"]
[EventRounds "7"]
[EventCountry "ENG"]
[SourceTitle "EXT 2011"]
[Source "ChessBase"]
[SourceDate "2010.11.26"]
[SourceVersion "1"]
[SourceVersionDate "2010.11.26"]
[SourceQuality "1"]

1. d4 Nf6 2. c4 e6 3. Nc3 Bb4 4. Nf3 b6 5. g3 Ba6 6. Qb3 Bxc3+ 7. Qxc3 Ne4 8. Qc2 f5 9. Bg2 Nc6 10. 0-0 Bb7 11. a3 0-0 12. b3 d6 13. Bb2 Qc8 14. Rad1 Ne7 15. Nd2 Nxd2 16. Rxd2 Bxg2 17. Kxg2 Qb7+ 18. f3 d5 19. e3 c6 20. Re2 Nc8 21. Rfe1 Nd6 22. c5 Ne8 23. e4 fxe4 24. fxe4 Nf6 25. exd5 exd5 26. Re7 Qc8 27. Bc1 Ne4 28. R1xe4 Qf5 29. Qe2 dxe4 30. Rxe4 Qd5 31. Qc4 Qxc4 32. bxc4 Rae8 33. Rxe8 Rxe8 34. cxb6 axb6 35. Kf3 Kf7 36. Bf4 Ra8 37. Bd6 Ra5 38. Ke4 Ke6 39. Bb4 Rh5 40. h4 g5 41. hxg5 Rxg5 42. Kf4 Rf5+ 43. Ke4 h5 44. Bd2 Rf2 45. Bb4 Re2+ 46. Kf4 Rc2 47. c5 b5 48. Kg5 Rh2 49. Kf4 Kd5 50. Ke3 Rh1 51. Bc3 Rg1 52. Kf2 Rc1 53. Bb4 Kxd4 54. Kf3 Rf1+ 55. Ke2 Rb1 56. Kf3 Rf1+ 57. Ke2 Rb1 58. Kf3 Rxb4 59. axb4 Kc4 0-1

[Event "West of England op"]
[Site "Exmouth"]
[Date "2009.04.10"]
[Round "2"]
[White "Bass, John W"]
[Black "Thynne, Trefor F"]
[Result "1-0"]
[WhiteElo "1912"]
[BlackElo "1904"]
[PlyCount "36"]
[EventDate "2009.04.10"]
[EventType "swiss"]
[EventRounds "7"]
[EventCountry "ENG"]
[SourceTitle "EXT 2011"]
[Source "ChessBase"]
[SourceDate "2010.11.26"]
[SourceVersion "1"]
[SourceVersionDate "2010.11.26"]
[SourceQuality "1"]

1. d4 Nf6 2. c4 e6 3. Nc3 Bb4 4. Qc2 c5 5. dxc5 Bxc5 6. e3 0-0 7. Nf3 Nc6 8. a3 b6 9. Be2 Bb7 10. 0-0 Be7 11. Rd1 a6 12. b3 Qc7 13. Bb2 d6 14. Rac1 Rac8 15. Bd3 h6 16. Ne4 Nxe4 17. Bxe4 f5 18. Bd3 Rce8 1-0

[Event "Yeovil Major op"]
[Site "Yeovil"]
[Date "2007.06.16"]
[Round "2"]
[White "Purry, Chris S"]
[Black "Thynne, Trefor F"]
[Result "1/2-1/2"]
[WhiteElo "1720"]
[BlackElo "1880"]
[PlyCount "134"]
[EventDate "2007.06.15"]
[EventType "swiss"]
[EventRounds "5"]
[EventCountry "ENG"]
[SourceTitle "CBM 119 Extra"]
[Source "ChessBase"]
[SourceDate "2007.09.04"]
[SourceVersion "1"]
[SourceVersionDate "2007.09.04"]
[SourceQuality "1"]

1. e4 c5 2. c3 d5 3. exd5 Qxd5 4. d4 Nf6 5. Nf3 cxd4 6. cxd4 e6 7. Nc3 Qd8 8. Bc4 Be7 9. 0-0 0-0 10. d5 exd5 11. Nxd5 Nxd5 12. Bxd5 Nc6 13. a3 Bf6 14. Qb3 Bf5 15. Be3 Bg6 16. Rfd1 Qe7 17. Rac1 Rfc8 18. Bc5 Qc7 19. Qa2 a5 20. Bd4 Bxd4 21. Nxd4 Qb6 22. Nxc6 bxc6 23. Bf3 Rab8 24. Rd2 Bf5 25. Qc4 Be6 26. Qc5 g6 27. g3 a4 28. Qe5 c5 29. Rdc2 c4 30. Be2 Qb3 31. Qf4 Rb6 32. Bxc4 Bxc4 33. Rxc4 Rxc4 34. Rxc4 Qxb2 35. Rxa4 Rb8 36. Ra7 Qb3 37. Kg2 Rd8 38. a4 Qd5+ 39. Qf3 Qe6 40. a5 Kg7 41. Ra8 Rd6 42. Qc3+ Kh6 43. Qe3+ Qxe3 44. fxe3 Rd2+ 45. Kf3 Rxh2 46. a6 Ra2 47. e4 Kg5 48. Ra7 Ra3+ 49. Kf2 Kg4 50. Rxf7 Rxa6 51. Rf4+ Kg5 52. Rf3 Ra2+ 53. Kf1 Ra1+ 54. Ke2 Ra2+ 55. Kd1 Ra1+ 56. Kc2 Re1 57. Kd3 Kg4 58. Re3 Rd1+ 59. Kc4 Rd8 60. e5 Re8 61. Kd5 h5 62. Kd6 h4 63. gxh4 Kxh4 64. e6 g5 65. e7 g4 66. Kd7 Rxe7+ 67. Rxe7 g3 1/2-1/2

[Event "Yeovil Major op"]
[Site "Yeovil"]
[Date "2007.06.15"]
[Round "1"]
[White "Thynne, Trefor F"]
[Black "Price, Michael C"]
[Result "1-0"]
[WhiteElo "1880"]
[BlackElo "1624"]
[PlyCount "113"]
[EventDate "2007.06.15"]
[EventType "swiss"]
[EventRounds "5"]
[EventCountry "ENG"]
[SourceTitle "CBM 119 Extra"]
[Source "ChessBase"]
[SourceDate "2007.09.04"]
[SourceVersion "1"]
[SourceVersionDate "2007.09.04"]
[SourceQuality "1"]

1. d4 d5 2. Nf3 Nf6 3. c4 c6 4. Nc3 a6 5. Bg5 Bf5 6. Bxf6 gxf6 7. cxd5 Qb6 8. Qb3 Qxb3 9. axb3 Bc2 10. Nd2 Bh6 11. e3 0-0 12. Be2 b5 13. dxc6 Nxc6 14. Bf3 Rac8 15. Rc1 Nb4 16. 0-0 Rfd8 17. Be4 Bxe4 18. Ndxe4 Nd3 19. Rcd1 Nb4 20. Ra1 f5 21. Nc5 Rc6 22. Rfd1 e5 23. Nb7 Rd7 24. Na5 Re6 25. dxe5 Rc7 26. Rd6 Bg7 27. Rd8+ Bf8 28. f4 Nc2 29. Rad1 Nxe3 30. R1d3 Kg7 31. Rxf8 Kxf8 32. Rxe3 b4 33. Na4 Rc2 34. Nc4 f6 35. Nc5 Re7 36. e6 Rc7 37. Nxa6 Ra7 38. e7+ Rxe7 39. Rxe7 Kxe7 40. Nxb4 Re2 41. Nc6+ Kf7 42. Kf1 Rc2 43. Nd4 Rc1+ 44. Kf2 Kg6 45. g3 Rd1 46. Ke3 Rc1 47. Kd2 Rh1 48. Nf3 Kf7 49. Kc3 Ke7 50. Kd4 Kd7 51. Kc5 Kc7 52. b4 Rf1 53. Nd4 Rh1 54. h4 Rg1 55. Nxf5 h5 56. b5 Rb1 57. Ng7 1-0